|
|
|
|
| LEADER |
01966nam a22005053i 4500 |
| 001 |
EBC6824331 |
| 003 |
MiAaPQ |
| 005 |
20231204023220.0 |
| 006 |
m o d | |
| 007 |
cr cnu|||||||| |
| 008 |
231204s2011 xx o ||||0 eng d |
| 020 |
|
|
|a 9781934831052
|q (electronic bk.)
|
| 020 |
|
|
|z 9781934831052
|
| 035 |
|
|
|a (MiAaPQ)EBC6824331
|
| 035 |
|
|
|a (Au-PeEL)EBL6824331
|
| 035 |
|
|
|a (OCoLC)759438567
|
| 040 |
|
|
|a MiAaPQ
|b eng
|e rda
|e pn
|c MiAaPQ
|d MiAaPQ
|
| 050 |
|
4 |
|a MLCM 2019/42067 (H)
|
| 100 |
1 |
|
|a Hegedus, L. Louis.
|
| 245 |
1 |
0 |
|a Viewing America's Energy Future in Three Dimensions.
|
| 250 |
|
|
|a 1st ed.
|
| 264 |
|
1 |
|a Research Triangle Park, NC :
|b RTI International / RTI Press,
|c 2011.
|
| 264 |
|
4 |
|c Ã2011.
|
| 300 |
|
|
|a 1 online resource (124 pages)
|
| 336 |
|
|
|a text
|b txt
|2 rdacontent
|
| 337 |
|
|
|a computer
|b c
|2 rdamedia
|
| 338 |
|
|
|a online resource
|b cr
|2 rdacarrier
|
| 490 |
1 |
|
|a RTI Press Publication
|
| 505 |
0 |
|
|a Intro -- Blank Page -- Blank Page.
|
| 588 |
|
|
|a Description based on publisher supplied metadata and other sources.
|
| 590 |
|
|
|a Electronic reproduction. Ann Arbor, Michigan : ProQuest Ebook Central, 2023. Available via World Wide Web. Access may be limited to ProQuest Ebook Central affiliated libraries.
|
| 655 |
|
4 |
|a Electronic books.
|
| 700 |
1 |
|
|a Staff, Research Triangle Institute.
|
| 700 |
1 |
|
|a Beach, Robert H.
|
| 700 |
1 |
|
|a Cooley, Philip C.
|
| 700 |
1 |
|
|a Duffer, Allen P.
|
| 700 |
1 |
|
|a Gallaher, Michael P.
|
| 700 |
1 |
|
|a Lesemann, Markus.
|
| 700 |
1 |
|
|a Moore, Toby.
|
| 700 |
1 |
|
|a Pellizzari, Edo.
|
| 700 |
1 |
|
|a Temple, Dorota S.
|
| 776 |
0 |
8 |
|i Print version:
|a Hegedus, L. Louis
|t Viewing America's Energy Future in Three Dimensions
|d Research Triangle Park, NC : RTI International / RTI Press,c2011
|z 9781934831052
|
| 797 |
2 |
|
|a ProQuest (Firm)
|
| 830 |
|
0 |
|a RTI Press Publication
|
| 856 |
4 |
0 |
|u https://ebookcentral.proquest.com/lib/matrademy/detail.action?docID=6824331
|z Click to View
|